[Event "SLO-chT1 East"]
[Site "Slovenia"]
[Date "2016.11.27"]
[Round "9"]
[White "Plahuta, Darko"]
[Black "Topic, Jelena"]
[Result "1/2-1/2"]
[WhiteElo "2002"]
[BlackElo "1911"]
[PlyCount "120"]
[EventDate "2016.09.23"]
[EventType "team-tourn"]
[EventRounds "9"]
[EventCountry "SLO"]
[SourceTitle "EXT 2019"]
[Source "ChessBase"]
[SourceDate "2018.10.10"]
[SourceVersion "1"]
[SourceVersionDate "2018.10.10"]
[SourceQuality "1"]
[WhiteTeam "Sentjur"]
[BlackTeam "Sevnica Majcen"]
[WhiteTeamCountry "SLO"]
[BlackTeamCountry "SLO"]

1. d4 d6 2. e4 c5 3. d5 Nf6 4. f3 e5 5. Be3 Qb6 6. Qc1 Bd7 7. c4 Na6 8. Nc3 Be7 9. Nge2 Nh5 10. g4 Bh4+ 11. Bf2 Nb4 12. Qd1 Bxf2+ 13. Kxf2 Nf4 14. Nxf4 exf4 15. h4 0-0 16. a3 Na6 17. Rb1 Qd8 18. Qd2 Qf6 19. Ne2 Rad8 20. Qxf4 Qe7 21. Nc3 g6 22. Bd3 f6 23. Bc2 Rf7 24. Ba4 Bxa4 25. Nxa4 Qe5 26. Qxe5 fxe5 27. Nc3 Rdf8 28. Rh3 Nc7 29. Ke3 Ne8 30. g5 a5 31. b4 axb4 32. axb4 b6 33. bxc5 bxc5 34. Rb6 Kg7 35. Nb5 Rd7 36. Ra6 Rf4 37. Ra7 Rxa7 38. Nxa7 h5 39. Nb5 Kf8 40. Rh1 Ke7 41. Kf2 Kd7 42. Kg3 Nc7 43. Ra1 Nxb5 44. cxb5 Kc7 45. Ra6 Rf8 46. Rc6+ Kd7 47. b6 Rc8 48. b7 Rb8 49. f4 exf4+ 50. Kxf4 Rxb7 51. e5 Rb4+ 52. Kf3 dxe5 53. Rxg6 Rxh4 54. Rc6 Rf4+ 55. Ke3 Rg4 56. Rxc5 Rxg5 57. Ke4 h4 58. Ra5 h3 59. Ra7+ Kd6 60. Ra6+ Kd7 1/2-1/2

[Event "SLO-chT1 East"]
[Site "Slovenia"]
[Date "2016.11.25"]
[Round "7"]
[White "Topic, Jelena"]
[Black "Kodela, Matjaz"]
[Result "0-1"]
[WhiteElo "1911"]
[BlackElo "2000"]
[PlyCount "142"]
[EventDate "2016.09.23"]
[EventType "team-tourn"]
[EventRounds "9"]
[EventCountry "SLO"]
[SourceTitle "EXT 2019"]
[Source "ChessBase"]
[SourceDate "2018.10.10"]
[SourceVersion "1"]
[SourceVersionDate "2018.10.10"]
[SourceQuality "1"]
[WhiteTeam "Sevnica Majcen"]
[BlackTeam "Lendava Rokada"]
[WhiteTeamCountry "SLO"]
[BlackTeamCountry "SLO"]

1. e4 c6 2. d4 d5 3. Nc3 dxe4 4. Nxe4 Bf5 5. Ng3 Bg6 6. Nf3 Nd7 7. Nh4 e6 8. Nxg6 hxg6 9. Bd3 Ngf6 10. Qe2 Bd6 11. Bg5 Qa5+ 12. Bd2 Qc7 13. 0-0-0 0-0-0 14. Kb1 Rde8 15. c4 c5 16. Be3 e5 17. d5 b6 18. Qc2 Ng4 19. Qa4 f5 20. Qc6 Ref8 21. Be2 Nxe3 22. fxe3 e4 23. Qa8+ Nb8 24. Rc1 Kd7 25. Bd1 Bxg3 26. Ba4+ Kd6 27. hxg3 Rxh1 28. Rxh1 Nd7 29. Qc6+ Qxc6 30. Bxc6 Ne5 31. Bb5 Ng4 32. Re1 Rh8 33. Kc2 Rh2 34. Re2 Rxg2 35. Rxg2 Nxe3+ 36. Kd2 Nxg2 37. Be8 g5 38. Bg6 f4 39. Bxe4 Ne3 40. Bd3 Ke5 41. b3 Ng4 42. Ke2 Nf6 43. Kf2 Nh5 44. g4 Nf6 45. Kf3 Ne8 46. Bg6 Nd6 47. Ke2 Kd4 48. Kd2 b5 49. Bd3 bxc4 50. bxc4 Nf7 51. a3 Ne5 52. d6 Nf7 53. d7 Ke5 54. Bg6 Nd8 55. Kd3 Kf6 56. Bf5 g6 57. Be4 Ke6 58. Bxg6 Kxd7 59. Ke4 Ke6 60. Bh7 Nc6 61. Bg8+ Kf6 62. Bh7 Ne7 63. Kd3 Ke5 64. Be4 Ng8 65. Bb7 Nf6 66. Bf3 Kd6 67. Be2 Kc7 68. Bf3 Kb6 69. Be2 Ka5 70. Bd1 a6 71. Ke2 Nxg4 0-1

[Event "SLO-chT1 East"]
[Site "Slovenia"]
[Date "2016.11.13"]
[Round "6"]
[White "Topic, Jelena"]
[Black "Jazbec, Hinko"]
[Result "0-1"]
[WhiteElo "1911"]
[BlackElo "1982"]
[PlyCount "47"]
[EventDate "2016.09.23"]
[EventType "team-tourn"]
[EventRounds "9"]
[EventCountry "SLO"]
[SourceTitle "EXT 2019"]
[Source "ChessBase"]
[SourceDate "2018.10.10"]
[SourceVersion "1"]
[SourceVersionDate "2018.10.10"]
[SourceQuality "1"]
[WhiteTeam "Sevnica Majcen"]
[BlackTeam "Zagorje ob Savi"]
[WhiteTeamCountry "SLO"]
[BlackTeamCountry "SLO"]

1. Nf3 Nf6 2. g3 g6 3. Bg2 Bg7 4. 0-0 0-0 5. d3 d6 6. e4 e5 7. Nc3 Nc6 8. Bg5 h6 9. Be3 Ng4 10. d4 exd4 11. Bxd4 Nxd4 12. Nxd4 c6 13. Qd2 Qe7 14. f4 Re8 15. Rad1 Nf6 16. f5 Ng4 17. h3 Ne5 18. Qf2 f6 19. Nce2 g5 20. g4 Nd7 21. Ng3 c5 22. Nh5 cxd4 23. Nxg7 Qxg7 24. Rxd4 0-1

[Event "SLO-CupT"]
[Site "Novo Mesto"]
[Date "2015.03.29"]
[Round "4"]
[White "Topic, Jelena"]
[Black "Brcar, Ales"]
[Result "0-1"]
[WhiteElo "1959"]
[BlackElo "2105"]
[PlyCount "74"]
[EventDate "2015.03.27"]
[EventType "team-swiss"]
[EventRounds "5"]
[EventCountry "SLO"]
[SourceTitle "EXT 2019"]
[Source "ChessBase"]
[SourceDate "2018.10.10"]
[SourceVersion "1"]
[SourceVersionDate "2018.10.10"]
[SourceQuality "1"]
[WhiteTeam "Milan Majcen Sevnica"]
[BlackTeam "Trebnje BMP"]
[WhiteTeamCountry "SLO"]
[BlackTeamCountry "SLO"]

1. e4 c5 2. Nf3 e6 3. d3 Nc6 4. g3 d5 5. Nbd2 Nf6 6. Bg2 Qc7 7. 0-0 Be7 8. Re1 b6 9. c3 Bb7 10. e5 Nd7 11. Qe2 0-0-0 12. Nf1 Rde8 13. Bf4 h6 14. h4 Rhg8 15. Qd2 Qd8 16. h5 g5 17. hxg6 fxg6 18. d4 g5 19. Be3 g4 20. N3h2 cxd4 21. Bxd4 h5 22. Qh6 Bc5 23. Qxh5 Rg5 24. Qh7 Nxd4 25. cxd4 Bxd4 26. Ne3 Nxe5 27. Rac1+ Kb8 28. Red1 Rh8 29. Qc2 Bxe3 30. fxe3 Rgh5 31. Qc3 Qd6 32. Nf1 Nf3+ 33. Bxf3 gxf3 34. Kf2 Rh2+ 35. Nxh2 Rxh2+ 36. Kxf3 Qf8+ 37. Kg4 Qf5# 0-1

[Event "SLO-ch op"]
[Site "Ljubljana"]
[Date "2014.07.09"]
[Round "6"]
[White "Topic, Jelena"]
[Black "Grabovac, Rajko"]
[Result "1-0"]
[WhiteElo "1979"]
[BlackElo "1895"]
[PlyCount "35"]
[EventDate "2014.07.04"]
[EventType "swiss"]
[EventRounds "9"]
[EventCountry "SLO"]
[SourceTitle "EXT 2019"]
[Source "ChessBase"]
[SourceDate "2018.10.10"]
[SourceVersion "1"]
[SourceVersionDate "2018.10.10"]
[SourceQuality "1"]

1. e4 e5 2. Nf3 Nc6 3. Bc4 d6 4. d4 exd4 5. Nxd4 Ne5 6. Be2 Nf6 7. Nc3 Be7 8. f4 Ng6 9. Be3 c6 10. Qd2 Qc7 11. 0-0-0 b5 12. Nxc6 b4 13. Nd5 Nxd5 14. exd5 a5 15. g4 0-0 16. f5 Ne5 17. Nxe5 dxe5 18. d6 1-0

[Event "SLO-ch (Women)"]
[Site "Radenci"]
[Date "2014.04.29"]
[Round "4"]
[White "Topic, Jelena"]
[Black "Leonardi, Caterina"]
[Result "1/2-1/2"]
[WhiteElo "1989"]
[BlackElo "1955"]
[PlyCount "136"]
[EventDate "2014.04.26"]
[EventType "tourn"]
[EventRounds "9"]
[EventCountry "SLO"]
[SourceTitle "EXT 2019"]
[Source "ChessBase"]
[SourceDate "2018.10.10"]
[SourceVersion "1"]
[SourceVersionDate "2018.10.10"]
[SourceQuality "1"]

1. e4 d6 2. d4 Nf6 3. Nc3 c6 4. Bd3 g6 5. Bg5 Bg7 6. f4 b5 7. Nf3 b4 8. Ne2 Bg4 9. 0-0 d5 10. Bxf6 Bxf6 11. e5 Bg7 12. h3 Bc8 13. Qd2 Na6 14. a3 Qb6 15. c3 c5 16. axb4 cxb4 17. c4 dxc4 18. Bxc4 0-0 19. Ra4 Qc6 20. b3 Rb8 21. Rfa1 Rb6 22. d5 Qc5+ 23. Qd4 Qxd4+ 24. Nfxd4 Nc5 25. Rxa7 Bb7 26. Rd1 Ra8 27. Rxa8+ Bxa8 28. Nb5 Nxb3 29. Nc7 Na5 30. Nxa8 Rb8 31. d6 exd6 32. Bd5 dxe5 33. Nc7 exf4 34. Na6 Rb6 35. Nc5 b3 36. Nxb3 Rxb3 37. Bxb3 Nxb3 38. Rd8+ Bf8 39. Nxf4 Kg7 40. Nd3 Nc5 41. Nxc5 Bxc5+ 42. Kf1 h5 43. Ke2 g5 44. Rd5 Be7 45. Kf3 Kg6 46. Rb5 Bd8 47. Ke4 Bc7 48. Rc5 Bg3 49. Rc8 h4 50. Rg8+ Kf6 51. Rc8 Kg6 52. Rg8+ Kf6 53. Kf3 Kf5 54. Ra8 Kg6 55. Ra6+ Kf5 56. Ra5+ Be5 57. Rb5 f6 58. Ra5 Ke6 59. Kg4 Bc3 60. Ra6+ Ke5 61. Ra8 Ke4 62. Re8+ Be5 63. Ra8 Ke3 64. Ra2 Bd4 65. Kf5 Be5 66. Rc2 Bd4 67. Ra2 Be5 68. Rc2 Bd4 1/2-1/2

[Event "SLO-ch (Women)"]
[Site "Radenci"]
[Date "2014.04.26"]
[Round "1"]
[White "Hrescak, Ivana"]
[Black "Topic, Jelena"]
[Result "1-0"]
[WhiteElo "1899"]
[BlackElo "1989"]
[PlyCount "109"]
[EventDate "2014.04.26"]
[EventType "tourn"]
[EventRounds "9"]
[EventCountry "SLO"]
[SourceTitle "EXT 2019"]
[Source "ChessBase"]
[SourceDate "2018.10.10"]
[SourceVersion "1"]
[SourceVersionDate "2018.10.10"]
[SourceQuality "1"]

1. d4 d5 2. c4 c6 3. Nf3 Nf6 4. Nc3 a6 5. a4 g6 6. Bg5 Bg7 7. e3 0-0 8. Qb3 e6 9. Be2 Nbd7 10. 0-0 Qb6 11. Qxb6 Nxb6 12. c5 Nbd7 13. b4 Re8 14. Bf4 Ne4 15. Nxe4 dxe4 16. Ne5 f6 17. Nc4 f5 18. Nd6 Re7 19. b5 a5 20. Rab1 e5 21. Bg5 Bf6 22. Bh6 Bg7 23. Bxg7 Kxg7 24. Nc4 exd4 25. exd4 Nf6 26. Ne5 Bd7 27. Bc4 Rc8 28. Ba2 Be6 29. Bxe6 Rxe6 30. Nc4 Ra8 31. bxc6 bxc6 32. Rb7+ Kg8 33. Rfb1 Nd5 34. Nb6 Rd8 35. Nxd5 Rxd5 36. Ra7 Re8 37. Rbb7 Rxd4 38. Rg7+ Kh8 39. Rxh7+ Kg8 40. h3 Re6 41. Rhc7 Rd8 42. Rxa5 f4 43. Raa7 e3 44. fxe3 fxe3 45. Re7 Re8 46. Rxe8+ Rxe8 47. Kf1 e2+ 48. Ke1 Re5 49. a5 Rxc5 50. Kxe2 Rc2+ 51. Kf3 Ra2 52. Ra8+ Kf7 53. a6 Ra4 54. a7 c5 55. Rh8 1-0

[Event "SLO-CupT"]
[Site "Ljubljana"]
[Date "2013.09.22"]
[Round "5.3"]
[White "Topic, Jelena"]
[Black "Malkoc, Tilen"]
[Result "1-0"]
[WhiteElo "2000"]
[BlackElo "1362"]
[PlyCount "117"]
[EventDate "2013.09.20"]
[EventType "team-swiss"]
[EventRounds "5"]
[EventCountry "SLO"]
[SourceTitle "EXT 2019"]
[Source "ChessBase"]
[SourceDate "2018.10.10"]
[SourceVersion "1"]
[SourceVersionDate "2018.10.10"]
[SourceQuality "1"]
[WhiteTeam "Sevnica Majcen"]
[BlackTeam "Postojna"]
[WhiteTeamCountry "SLO"]
[BlackTeamCountry "SLO"]

1. e4 e5 2. Nf3 Nc6 3. Bc4 Nf6 4. d3 Be7 5. 0-0 d6 6. c3 Bg4 7. Nbd2 0-0 8. a4 a6 9. h3 Bh5 10. Re1 Nd7 11. Nf1 Bh4 12. Ne3 Bg5 13. Nf5 Bxf3 14. Qxf3 Bxc1 15. Raxc1 Nb6 16. Bb3 Ne7 17. d4 Nxf5 18. exf5 exd4 19. cxd4 c6 20. Re3 Re8 21. Rce1 Rxe3 22. Qxe3 Nd5 23. Qe4 Nf6 24. Qd3 h6 25. Re3 Qd7 26. g4 Re8 27. Rxe8+ Qxe8 28. Qe3 Qe4 29. Qxe4 Nxe4 30. Kg2 Kf8 31. Bc2 Nd2 32. b3 b5 33. axb5 axb5 34. f4 c5 35. Kf2 c4 36. Ke2 Nxb3 37. Bxb3 cxb3 38. Kd2 b2 39. Kc2 b1Q+ 40. Kxb1 Ke7 41. Kb2 Kd7 42. d5 Kc7 43. Kc3 Kb7 44. h4 Ka6 45. Kb4 Kb6 46. f6 g6 47. g5 h5 48. f5 gxf5 49. g6 f4 50. gxf7 f3 51. f8Q f2 52. Qxd6+ Kb7 53. Qc6+ Kb8 54. Qb6+ Ka8 55. Qxf2 Kb7 56. f7 Kc7 57. f8Q Kb7 58. Qe7+ Ka6 59. Qea7# 1-0

[Event "SLO-CupT"]
[Site "Ljubljana"]
[Date "2013.09.21"]
[Round "2.2"]
[White "Debevec, Blaz"]
[Black "Topic, Jelena"]
[Result "1-0"]
[WhiteElo "2113"]
[BlackElo "2000"]
[PlyCount "63"]
[EventDate "2013.09.20"]
[EventType "team-swiss"]
[EventRounds "5"]
[EventCountry "SLO"]
[SourceTitle "EXT 2019"]
[Source "ChessBase"]
[SourceDate "2018.10.10"]
[SourceVersion "1"]
[SourceVersionDate "2018.10.10"]
[SourceQuality "1"]
[WhiteTeam "Komenda"]
[BlackTeam "Sevnica Majcen"]
[WhiteTeamCountry "SLO"]
[BlackTeamCountry "SLO"]

1. e4 c5 2. Nc3 d6 3. Nge2 e6 4. d4 cxd4 5. Nxd4 Nf6 6. g4 a6 7. g5 Nfd7 8. Be3 b5 9. a3 Qc7 10. Qd2 Nb6 11. 0-0-0 N8d7 12. f4 Bb7 13. Qf2 Nc5 14. f5 e5 15. Nb3 Nca4 16. Nxa4 Nxa4 17. Bg2 Rc8 18. Kb1 a5 19. h4 Nc5 20. Nxc5 dxc5 21. h5 b4 22. a4 Bc6 23. f6 Bxa4 24. g6 hxg6 25. hxg6 Rxh1 26. Rxh1 fxg6 27. Rh8 Rd8 28. b3 Rd1+ 29. Ka2 Bxb3+ 30. cxb3 c4 31. Bc5 cxb3+ 32. Kb2 1-0

[Event "SLO-ch 23rd"]
[Site "Sentjur"]
[Date "2013.04.08"]
[Round "3"]
[White "Kersic, Matej"]
[Black "Topic, Jelena"]
[Result "1-0"]
[WhiteElo "2207"]
[BlackElo "1997"]
[PlyCount "65"]
[EventDate "2013.04.06"]
[EventType "swiss"]
[EventRounds "9"]
[EventCountry "SLO"]
[SourceTitle "CBM 153 Extra"]
[Source "ChessBase"]
[SourceDate "2013.04.22"]
[SourceVersion "1"]
[SourceVersionDate "2013.04.22"]
[SourceQuality "1"]

1. e4 c5 2. Nf3 d6 3. d4 cxd4 4. Nxd4 Nf6 5. Nc3 a6 6. Be2 e5 7. Nb3 Be7 8. Be3 Be6 9. Nd5 Nbd7 10. Qd3 Bxd5 11. exd5 b5 12. a4 b4 13. a5 0-0 14. 0-0 Nc5 15. Qc4 Qd7 16. Rfd1 Rfc8 17. Qxb4 Rab8 18. Nxc5 dxc5 19. Qc4 Rxb2 20. Qxa6 Rd8 21. d6 Bxd6 22. Bxc5 Ne4 23. Bxd6 Nxd6 24. Rd2 Rb4 25. c3 Re4 26. Rad1 Qa4 27. Rxd6 Rf8 28. Bf1 Rf4 29. Qb6 Rf6 30. Qb4 Qc2 31. R6d2 Qf5 32. f3 Qg5 33. Rd8 1-0

[Event "SLO-chT1 Ost"]
[Site "Maribor"]
[Date "2012.10.21"]
[Round "9"]
[White "Topic, Jelena"]
[Black "Stavanja, Milan"]
[Result "1/2-1/2"]
[WhiteElo "1975"]
[BlackElo "2181"]
[PlyCount "20"]
[EventDate "2012.10.11"]
[EventType "team-tourn"]
[EventRounds "9"]
[EventCountry "SLO"]
[SourceTitle "EXT 2022"]
[Source "ChessBase"]
[SourceDate "2021.10.06"]
[SourceVersion "1"]
[SourceVersionDate "2021.10.06"]
[SourceQuality "1"]

1. e4 c5 2. Nf3 Nc6 3. d3 g6 4. g3 Bg7 5. c3 e6 6. Bg2 Nge7 7. 0-0 0-0 8. Be3 b6 9. d4 cxd4 10. Nxd4 Bb7 1/2-1/2

[Event "SLO-chT1 Ost"]
[Site "Maribor"]
[Date "2012.10.20"]
[Round "7"]
[White "Topic, Jelena"]
[Black "Urisek, Mitja"]
[Result "1-0"]
[WhiteElo "1975"]
[BlackElo "2040"]
[PlyCount "97"]
[EventDate "2012.10.11"]
[EventType "team-tourn"]
[EventRounds "9"]
[EventCountry "SLO"]
[SourceTitle "EXT 2022"]
[Source "ChessBase"]
[SourceDate "2021.10.06"]
[SourceVersion "1"]
[SourceVersionDate "2021.10.06"]
[SourceQuality "1"]

1. f4 d5 2. Nf3 Nf6 3. g3 e6 4. Bg2 Be7 5. 0-0 c5 6. d3 Nc6 7. c3 0-0 8. Qe1 d4 9. h3 Rb8 10. g4 Qc7 11. c4 Nb4 12. Na3 a6 13. Bd2 Nc6 14. Rc1 Bd6 15. Ng5 Ne7 16. Qf2 b6 17. e4 dxe3 18. Bxe3 Bb7 19. Ne4 Nxe4 20. dxe4 Nc6 21. Nc2 e5 22. f5 f6 23. a3 Nd4 24. b4 Bc6 25. Rb1 Rfd8 26. g5 Be7 27. g6 h6 28. Bc1 Ba4 29. Ne3 cxb4 30. axb4 Bf8 31. Qa2 Be8 32. Nd5 Qb7 33. c5 Kh8 34. Nxb6 Nc6 35. Be3 Nd4 36. Rfd1 Nb5 37. Qb3 Bc6 38. Rxd8 Rxd8 39. Nd5 Nc7 40. Rd1 a5 41. Nxc7 Rxd1+ 42. Qxd1 Qxc7 43. bxa5 Qxa5 44. Qb3 Qa8 45. Qf7 Bb7 46. Kh2 h5 47. Qc4 Qc8 48. Qe2 Bxc5 49. Qxh5+ 1-0

[Event "SLO-chT1 Ost"]
[Site "Maribor"]
[Date "2012.10.11"]
[Round "1"]
[White "Topic, Jelena"]
[Black "Pirs, Matjaz"]
[Result "1/2-1/2"]
[WhiteElo "1975"]
[BlackElo "2055"]
[PlyCount "108"]
[EventDate "2012.10.11"]
[EventType "team-tourn"]
[EventRounds "9"]
[EventCountry "SLO"]
[SourceTitle "EXT 2022"]
[Source "ChessBase"]
[SourceDate "2021.10.06"]
[SourceVersion "1"]
[SourceVersionDate "2021.10.06"]
[SourceQuality "1"]

1. e4 c5 2. Nf3 d6 3. d4 cxd4 4. Nxd4 Nf6 5. Nc3 a6 6. f3 e5 7. Nb3 Be6 8. Be3 h5 9. Qd2 Nbd7 10. a4 Rc8 11. Be2 Be7 12. 0-0 Qc7 13. a5 0-0 14. Rac1 Rfe8 15. Nd5 Nxd5 16. exd5 Bf5 17. c4 Bg6 18. Rfd1 Rcd8 19. Bd3 Bxd3 20. Qxd3 g6 21. Rc2 Nc5 22. Nxc5 dxc5 23. b4 cxb4 24. c5 Qxa5 25. d6 Bf6 26. Qc4 Qa4 27. Rdd2 Qa3 28. Rd3 Qa4 29. Ra2 Qc6 30. Qxb4 Rd7 31. Rb3 Qd5 32. Rd2 Qe6 33. Rb1 Bd8 34. Qe4 f5 35. Qd5 Qxd5 36. Rxd5 Bf6 37. Rd3 Rf8 38. Rdb3 Rff7 39. Kf1 Kg7 40. Bd2 e4 41. Ke2 exf3+ 42. gxf3 g5 43. Ba5 Bd4 44. Rc1 Kf6 45. Bc7 Rxc7 46. dxc7 Rxc7 47. Rcb1 Bxc5 48. Rxb7 Rxb7 49. Rxb7 a5 50. Rb5 Bb4 51. Ke3 h4 52. h3 Be1 53. Ke2 Bb4 54. Ke3 Be1 1/2-1/2

[Event "SLO-chT1 Ost"]
[Site "Sentjur"]
[Date "2011.10.22"]
[Round "7"]
[White "Smon, Gregor"]
[Black "Topic, Jelena"]
[Result "0-1"]
[WhiteElo "1972"]
[BlackElo "1954"]
[PlyCount "118"]
[EventDate "2011.10.13"]
[EventType "team-tourn"]
[EventRounds "9"]
[EventCountry "SLO"]
[SourceTitle "EXT 2022"]
[Source "ChessBase"]
[SourceDate "2021.10.06"]
[SourceVersion "1"]
[SourceVersionDate "2021.10.06"]
[SourceQuality "1"]
[WhiteTeam "Slovenj Gradec"]
[BlackTeam "Milan Majcen Sevnica"]
[WhiteTeamCountry "SLO"]
[BlackTeamCountry "SLO"]

1. e4 c5 2. c3 Nf6 3. e5 Nd5 4. Nf3 Nc6 5. Bc4 Nb6 6. Bb5 e6 7. 0-0 Be7 8. d4 cxd4 9. cxd4 Nb4 10. Re1 0-0 11. Nc3 a6 12. Bf1 d6 13. a3 N4d5 14. Ne4 dxe5 15. dxe5 h6 16. Bd3 Bd7 17. Qe2 Rc8 18. Ng3 Na4 19. Qe4 f5 20. exf6 Nxf6 21. Qxb7 Nc5 22. Qa7 Ra8 23. Qxa8 Qxa8 24. Bc4 Bd6 25. b4 Nce4 26. Bb2 Nxg3 27. hxg3 Ne4 28. Rad1 Kh8 29. Rxe4 Qxe4 30. Rxd6 Qb1+ 31. Kh2 Qxb2 32. Rxd7 Qxa3 33. Nh4 Kh7 34. Bxe6 Qxb4 35. f4 Rf6 36. f5 a5 37. Rd8 Rf8 38. Rd7 Qc5 39. Rd5 Qc7 40. Rd7 Qb6 41. Ng6 Rf6 42. Nf4 Qc5 43. Rd5 Qb4 44. Rd7 Qf8 45. g4 a4 46. g3 a3 47. Ra7 Qb8 48. Ra6 Qb2+ 49. Kh3 Qc1 50. Kg2 Qb2+ 51. Kh3 Qb7 52. g5 Qxa6 53. gxf6 gxf6 54. Nh5 Qf1+ 55. Kg4 Qd1+ 56. Kh4 Qd4+ 57. g4 Qc3 58. Nf4 Qe1+ 59. Kh3 Qe3+ 0-1